000 00437nam a2200181Ia 4500
001 14132
005 20260306164852.0
008 260306t1987||||xx |||||||||||||| ||spa||
041 _aESP
082 _a502
_bB141 Nº 66
100 _aChaisson, Eric
_eAUT
245 0 _aEl amanecer cósmico:
_bCosmic dawn
260 _c1987
300 _axii, 268 páginas :
_c18 cm.
650 _aGEN
654 _aCCN
942 _cLIB
_dJUS
_fJUS
_2ddc
_n
999 _c14132
_d14132